Marvel Characters from the Movies/Series - Statistics

General Stats
  • This quiz has been taken 25 times
  • The average score is 97 of 201
Answer Stats
Characters % Correct
Black Panther
100%
Captain America
100%
Hulk
100%
Black Widow
96%
Hawkeye
96%
Iron Man
96%
Wolverine
96%
Loki
92%
Miles Morales
92%
Rocket
92%
Spiderman
92%
Thanos
92%
Thor
92%
Antman
88%
Drax
88%
Gamora
88%
Groot
88%
Star-Lord
88%
Green Goblin
83%
Human Torch
83%
Mister Fantastic
83%
Scarlet Witch
83%
Thing
83%
Vision
83%
Winter Soldier
83%
Captain Marvel
79%
Deadpool
79%
Doctor Octopus
79%
Invisible Woman
79%
Magneto
79%
Mystique
79%
Sandman
79%
Wasp
79%
Daredevil
75%
Doctor Strange
75%
Falcon
75%
Nebula
75%
Professor X
75%
Venom
75%
Cyclops
71%
Electro
71%
Luke Cage
71%
Mantis
71%
Ms Marvel
71%
Quicksilver
71%
Doctor Doom
67%
Ironfist
67%
Jean Grey
67%
Jessica Jones
67%
Nick Fury
67%
Storm
67%
Vulture
67%
Beast
63%
Kingpin
63%
Lizard
63%
Mysterio
63%
Nightcrawler
63%
Punisher
63%
She-Hulk
63%
Silver Surfer
63%
Ultron
63%
Colossus
58%
Galactus
58%
Ghost
58%
Iceman
58%
Red Skull
58%
Shuri
58%
War Machine
58%
Yondu
58%
Abomination
54%
Black Bolt
54%
Hela
54%
Kang the Conqueror
54%
Killmonger
54%
Rhino
54%
Shang-Chi
54%
Valkyrie
54%
Whiplash
54%
Wong
54%
Adam Warlock
50%
Angel
50%
Dormammu
50%
Emma Frost
50%
Gambit
50%
MODOK
50%
Namor
50%
Okoye
50%
Red Hulk
50%
Ronan
50%
Sabretooth
50%
Yellowjacket
50%
Apocalypse
46%
Ego
46%
Elektra
46%
Gorr the God Butcher
46%
Kraglin
46%
Mandarin
46%
Moon Knight
46%
Shadowcat
46%
Taskmaster
46%
Yelena Belova
46%
Agatha
42%
Baron Zemo
42%
Blade
42%
Ebony Maw
42%
Malekith
42%
Maria Hill
42%
Peggy Carter
42%
Red Guardian
42%
Sentry
42%
Shocker
42%
Toad
42%
Banshee
38%
Cable
38%
Carnage
38%
Corvus Glaive
38%
Cull Obsidian
38%
Havok
38%
Heimdall
38%
Ironheart
38%
Ironmonger
38%
Juggernaut
38%
Korg
38%
Kro
38%
Medusa
38%
Proxima Midnight
38%
Pyro
38%
Rescue
38%
Scorpion
38%
Sebastian Shaw
38%
Bishop
33%
Crystal
33%
Ikaris
33%
Kraven the Hunter
33%
Lockjaw
33%
Mephisto
33%
Surtur
33%
Agent 13
29%
Aldrich Killian
29%
Azazel
29%
Cassandra Nova
29%
Cosmo
29%
Crossbones
29%
Domino
29%
Executioner
29%
Ghost Rider
29%
High Evolutionary
29%
Howard the Duck
29%
Jubilee
29%
Karnak
29%
Kate Bishop
29%
Laufey
29%
Mary Jane
29%
M'Baku
29%
Thena
29%
Ulysses Klaue
29%
William Stryker
29%
X-23
29%
America Chavez
25%
Arnim Zola
25%
Blob
25%
Gilgamesh
25%
Gorgon
25%
Gwen Stacy
25%
Happy
25%
Kaecilius
25%
Lady Deathstrike
25%
Maximus
25%
Morbius
25%
Phastos
25%
Silver Samurai
25%
Sprite
25%
Sunspot
25%
Triton
25%
Ajak
21%
Bolivar Trask
21%
Druig
21%
Francis
21%
Kingo
21%
Miek
21%
Phil Coulson
21%
Prowler
21%
Sersi
21%
Blink
17%
Captain Rambeau
17%
Chameleon
17%
Destroyer
17%
Makkari
17%
Taserface
17%
Tinkerer
17%
Viper
17%
Yukio
17%
Erik Selvig
13%
Jane Foster
13%
Moleman
13%
Sentinels
13%
Man-Thing
8%
Agent Zero
4%
Shriek
4%
The Unspoken
4%
No matching quizzes found
Score Distribution
Percent of People with Each Score
Percentile by Number Answered
Your Score History
You have not taken this quiz